|
|
|
|
| LEADER |
01023nam a2200265 4500 |
| 001 |
DLU190191602 |
| 005 |
##20190719 |
| 040 |
# |
# |
|a DLU
|b vie
|
| 041 |
# |
# |
|a vie
|
| 044 |
# |
# |
|a vn
|
| 110 |
# |
# |
|a Nguyễn Việt Khoa.
|
| 245 |
# |
# |
|a Nghiên cứu nghiệm ổn định tiệm cận của hệ phương trình vi phân tuyến tính có hệ số tuần hoàn bằng phương pháp phổ /
|c Nguyễn Việt Khoa.
|
| 653 |
# |
# |
|a Hệ phương trình vi phân tuyến tính hệ số tuần hoàn
|
| 653 |
# |
# |
|a Nghiệm ổn định tiệm cận
|
| 653 |
# |
# |
|a Phương pháp phổ
|
| 653 |
# |
# |
|a Phương pháp tách
|
| 773 |
# |
# |
|t Tạp chí Khoa học Đại học Sư phạm TP. Hồ Chí Minh: Khoa học tự nhiên & công nghệ
|g Số 6, 2017, tr. 157-164
|
| 920 |
# |
# |
|a Phòng Tạp chí -- Trung tâm Thông tin - Thư viện Trường Đại học Đà Lạt
|
| 900 |
# |
# |
|a True
|
| 911 |
# |
# |
|a Hoàng Thị Huyền
|
| 925 |
# |
# |
|a G
|
| 926 |
# |
# |
|a A
|
| 927 |
# |
# |
|a BB
|
| 980 |
# |
# |
|a Thư viện Trường Đại học Đà Lạt
|